[Event "World Blitz Women 2022"]
[Site "Almaty KAZ"]
[Date "2022.12.30"]
[Round "15.10"]
[White "Ovod, Evgenija"]
[Black "Paehtz, Elisabeth"]
[Result "1/2-1/2"]
[WhiteTitle "IM"]
[BlackTitle "GM"]
[WhiteElo "2323"]
[BlackElo "2464"]
[WhiteFideId "4131827"]
[BlackFideId "4641833"]
[EventDate "2022.12.29"]

1. e4 c5 2. Nf3 d6 3. Bb5+ Bd7 4. Bxd7+ Nxd7 5. O-O Ngf6 6. Qe2 e6 7. c4 Rc8 8.
Nc3 Be7 9. b3 O-O 10. Bb2 a6 11. d4 cxd4 12. Nxd4 Qa5 13. Rfd1 Rfe8 14. f3 Ne5
15. Kh1 Ng6 16. Qd2 h6 17. Nd5 Qd8 18. Nxe7+ Qxe7 19. Ba3 Red8 20. Ne2 Ne8 21.
Rac1 Qh4 22. Qe3 Qf6 23. Kg1 Kh7 24. Rd2 b5 25. Bb2 Qe7 26. cxb5 axb5 27. Rdc2
Rxc2 28. Rxc2 d5 29. exd5 Rxd5 30. Rd2 Rxd2 31. Qxd2 Nf6 32. Bd4 e5 33. Bf2 e4
34. Nd4 Qd6 35. Qe3 exf3 36. Qxf3 Qc5 37. h3 Qc1+ 38. Kh2 b4 39. Nf5 Qc7+ 40.
Bg3 Qc2 41. Qf2 Qd3 42. Bd6 Ne4 43. Qd4 Qxd4 44. Nxd4 Nxd6 45. Nc6 Kg8 46. Nxb4
Kf8 47. a4 Ne5 48. a5 Nb5 49. a6 Ke7 50. Kg3 Kd6 51. Kf4 f6 52. Kf5 Kc5 53. Nc2
Kb6 54. Ne3 Nd4+ 55. Ke4 Nxb3 56. Nf5 Nd2+ 57. Kd5 Nf1 58. Ke6 Nd3 59. Nxg7 Nf4+
60. Kxf6 Nxg2 61. Kg6 Nf4+ 62. Kxh6 Nxh3 63. a7 Kxa7 64. Nf5 Nf4 65. Kg5 Nd5 66.
Ne3 Nfxe3 67. Kg6 Kb6 68. Kg5 Kc6 69. Kg6 Kd6 70. Kg5 Ke5 71. Kg6 Nf6 72. Kg5
Nf5 73. Kg6 Ke6 74. Kg5 Nd6 75. Kf4 Kd5 76. Kg5 Ke5 77. Kg6 Nfe4 78. Kg7 Kf5 79.
Kh6 Ne8 80. Kh5 Ng7+ 81. Kh6 Kf6 82. Kh7 Nf5 83. Kg8 Ng5 84. Kf8 Ne6+ 85. Ke8
Nc5 86. Kd8 Ke6 87. Kc7 Kd5 88. Kb6 Nd6 89. Ka5 Nd3 90. Kb6 Nb4 91. Ka5 Kc5 92.
Ka4 Kc4 93. Ka5 Nd5 94. Ka4 Nb7 95. Ka3 Nc5 96. Kb2 Kd3 97. Ka3 Kc3 98. Ka2 Nb4+
99. Ka3 Nc2+ 100. Ka2 Nd3 101. Kb1 Ncb4 102. Ka1 Nc5 103. Kb1 Nbd3 104. Ka2 Nb3
105. Ka3 Nbc5 106. Ka2 Kc2 107. Ka3 Kc3 108. Ka2 Nb4+ 109. Ka3 Ncd3 110. Ka4 Kc4
111. Ka5 Kc5 112. Ka4 Nb2+ 113. Kb3 Nc4 114. Kc3 Nd5+ 115. Kd3 Ne5+ 116. Ke4 1/2-1/2

[Event "World Blitz Women 2022"]
[Site "Almaty KAZ"]
[Date "2022.12.30"]
[Round "15.11"]
[White "Khamdamova, Afruza"]
[Black "Gunina, Valentina"]
[Result "0-1"]
[WhiteTitle "WFM"]
[BlackTitle "GM"]
[WhiteElo "2139"]
[BlackElo "2476"]
[WhiteFideId "14210444"]
[BlackFideId "4167570"]
[EventDate "2022.12.29"]

1. e4 c6 2. d4 d5 3. Nc3 dxe4 4. Nxe4 Nf6 5. Nxf6+ exf6 6. c3 Bd6 7. Bd3 O-O 8.
Qc2 Re8+ 9. Ne2 h5 10. Be3 Nd7 11. O-O-O Nf8 12. h3 Be6 13. c4 Rc8 14. a3 b5 15.
c5 Bc7 16. Nc3 Bd5 17. Nxd5 Qxd5 18. Be2 Qxg2 19. Bxh5 Qd5 20. Bg4 Rb8 21. Rhg1
b4 22. a4 b3 23. Qc3 a5 24. Bh6 Ng6 25. Bf3 Qd7 26. Be3 Rb4 27. d5 cxd5 28. Bxd5
Be5 29. Qd3 Kf8 30. Bxb3 Qb7 31. Kc2 Rb8 32. c6 Qxc6+ 33. Kd2 Rxb3 34. Qf5 Rxb2+
35. Ke1 Qc4 36. Bd2 Re8 37. f4 0-1

[Event "World Blitz Women 2022"]
[Site "Almaty KAZ"]
[Date "2022.12.30"]
[Round "15.12"]
[White "Druzhinina, Olga"]
[Black "Danielian, Elina"]
[Result "0-1"]
[BlackTitle "GM"]
[WhiteElo "2245"]
[BlackElo "2431"]
[WhiteFideId "4141911"]
[BlackFideId "13300210"]
[EventDate "2022.12.29"]

1. e4 d6 2. d4 Nf6 3. Nc3 c6 4. Nf3 Bg4 5. h3 Bh5 6. Be2 e6 7. Be3 d5 8. Nd2 Bg6
9. e5 Nfd7 10. Nb3 a6 11. a4 Qc7 12. h4 h6 13. O-O c5 14. f4 cxd4 15. Nxd4 Bc5
16. Qd2 Nc6 17. f5 exf5 18. e6 Nf6 19. exf7+ Kxf7 20. Nxf5 Bxe3+ 21. Qxe3 Bxf5
22. Rxf5 Rhe8 23. Qf2 Kg8 24. Nxd5 Nxd5 25. Rxd5 Ne5 26. c3 Rad8 27. Rad1 Rxd5
28. Rxd5 Qc6 29. Qd4 Qf6 30. Rd6 Qe7 31. Qd5+ Kh8 32. h5 Qg5 33. Qd2 Qe7 34. b3
Nc6 35. Bf3 Ne5 36. Be2 Nc6 37. Bf3 Ne5 38. Be4 Qh4 39. Rxh6+ gxh6 40. Qxh6+ Kg8
41. Bd5+ Nf7 42. Qg6+ Kh8 0-1

[Event "World Blitz Women 2022"]
[Site "Almaty KAZ"]
[Date "2022.12.30"]
[Round "15.13"]
[White "Frayna, Janelle Mae"]
[Black "Khotenashvili, Bela"]
[Result "1-0"]
[WhiteTitle "WGM"]
[BlackTitle "GM"]
[WhiteElo "2265"]
[BlackElo "2485"]
[WhiteFideId "5212499"]
[BlackFideId "13602640"]
[EventDate "2022.12.29"]

1. e4 c6 2. Nf3 d5 3. d3 g6 4. Nbd2 Bg7 5. g3 e5 6. Bg2 Ne7 7. O-O O-O 8. Re1
dxe4 9. Nxe4 Nd5 10. Nc3 Re8 11. Bd2 Na6 12. h3 Nac7 13. Ng5 h6 14. Nf3 Kh7 15.
Rb1 f5 16. h4 Qd6 17. a3 Bd7 18. Nh2 Nxc3 19. Bxc3 Nd5 20. Bd2 f4 21. g4 g5 22.
h5 c5 23. Qe2 Bc6 24. c4 Ne7 25. Be4+ Kg8 26. b4 b6 27. Bc3 Rad8 28. Red1 Bxe4
29. dxe4 Qe6 30. f3 Nc6 31. Rd5 cxb4 32. axb4 Nd4 33. Bxd4 exd4 34. Qd3 Rxd5 35.
cxd5 Qc8 36. Nf1 Qc7 37. Nd2 Rc8 38. Nb3 Qc3 39. Rd1 Qxb4 40. Rc1 Rxc1+ 41. Nxc1
Qe1+ 42. Qf1 Qe3+ 43. Kg2 a5 44. Nd3 a4 45. d6 a3 46. d7 Bf6 47. e5 Be7 48. Qb1
Qd2+ 49. Nf2 a2 50. Qb3+ Kf8 51. Qe6 a1=Q 52. Qf5+ Kg7 53. Qg6+ Kf8 54. Qxh6+
Kg8 55. Qg6+ Kf8 56. Qh6+ Kg8 57. Qe6+ Kf8 58. Qh6+ Kg8 59. Qg6+ Kf8 60. Qf5+
Kg8 61. Qg6+ Kf8 62. e6 Qxf2+ 63. Kxf2 Qa2+ 64. Kg1 Qa1+ 65. Kh2 Qb2+ 66. Kh3 1-0

[Event "World Blitz Women 2022"]
[Site "Almaty KAZ"]
[Date "2022.12.30"]
[Round "15.14"]
[White "Mammadzada, Gunay"]
[Black "Javakhishvili, Lela"]
[Result "1-0"]
[WhiteTitle "IM"]
[BlackTitle "IM"]
[WhiteElo "2472"]
[BlackElo "2440"]
[WhiteFideId "13403729"]
[BlackFideId "13601458"]
[EventDate "2022.12.29"]

1. e4 g6 2. d4 Bg7 3. Nc3 d6 4. Be3 Nd7 5. g4 c6 6. Qd2 b5 7. g5 Nb6 8. Bd3 h6
9. gxh6 Nxh6 10. f3 Be6 11. d5 cxd5 12. Bxb5+ Bd7 13. Bxb6 axb6 14. Bxd7+ Qxd7
15. Nxd5 Rb8 16. O-O-O O-O 17. Ne2 e6 18. Nb4 Qa4 19. a3 d5 20. exd5 exd5 21.
Nc3 Bxc3 22. Qxc3 Rfc8 23. Qf6 Rc4 24. Rd4 Nf5 25. Rxc4 dxc4 26. h4 Rc8 27. h5
c3 28. hxg6 cxb2+ 29. Kb1 1-0

[Event "World Blitz Women 2022"]
[Site "Almaty KAZ"]
[Date "2022.12.30"]
[Round "15.15"]
[White "Batsiashvili, Nino"]
[Black "Mammadova, Gulnar"]
[Result "1-0"]
[WhiteTitle "GM"]
[BlackTitle "IM"]
[WhiteElo "2493"]
[BlackElo "2376"]
[WhiteFideId "13602993"]
[BlackFideId "13403508"]
[EventDate "2022.12.29"]

1. d4 g6 2. Nf3 Bg7 3. Bf4 d6 4. e3 Nd7 5. h3 Ngf6 6. Be2 O-O 7. O-O b6 8. a4 a5
9. Na3 Bb7 10. c3 Ne4 11. Bh2 e5 12. Nc4 exd4 13. cxd4 Ndf6 14. Rc1 Qe7 15. Na3
c5 16. Nc4 Qd8 17. dxc5 bxc5 18. Nxd6 Qe7 19. Nxb7 Qxb7 20. Bb5 Nd5 21. Qe2 Rad8
22. Rfd1 Nb4 23. Rxd8 Rxd8 24. Rd1 Qe7 25. Nd2 Bxb2 26. Nxe4 Rxd1+ 27. Qxd1 Qxe4
28. Qd8+ Kg7 29. Bd6 h5 30. Qf8+ Kf6 31. Be8 Qd5 32. Be7+ Ke5 33. Qg7+ Ke4 34.
Qxb2 Qe6 35. Qf6 Qxf6 36. Bxf6 Nd5 37. Bc6 c4 38. Bxd5+ Kxd5 39. Kf1 Kc5 40. Bc3 1-0

[Event "World Blitz Women 2022"]
[Site "Almaty KAZ"]
[Date "2022.12.30"]
[Round "15.16"]
[White "Savitha, Shri B"]
[Black "Padmini, Rout"]
[Result "1/2-1/2"]
[WhiteTitle "WIM"]
[BlackTitle "IM"]
[WhiteElo "2411"]
[BlackElo "2389"]
[WhiteFideId "35061887"]
[BlackFideId "5029295"]
[EventDate "2022.12.29"]

1. e4 e5 2. Nf3 Nc6 3. Bb5 Nf6 4. O-O Nxe4 5. Re1 Nd6 6. Nxe5 Nxe5 7. Rxe5+ Be7
8. Bf1 O-O 9. d4 Bf6 10. Re1 Nf5 11. c3 d5 12. Bf4 c6 13. Nd2 Bg5 14. Bxg5 Qxg5
15. Nf3 Qf6 16. Bd3 Nd6 17. Ne5 Bf5 18. Qf3 Rfe8 19. Bxf5 Qxf5 20. Qxf5 Nxf5 21.
Nd7 f6 22. Nc5 Nd6 23. f3 Kf7 24. Kf2 h5 25. a4 a5 26. h4 Rxe1 27. Rxe1 Re8 28.
Rxe8 Kxe8 29. b3 Ke7 30. Nd3 Kf7 31. Nc5 Ke7 1/2-1/2

[Event "World Blitz Women 2022"]
[Site "Almaty KAZ"]
[Date "2022.12.30"]
[Round "15.17"]
[White "Ushenina, Anna"]
[Black "Maltsevskaya, Aleksandra"]
[Result "1-0"]
[WhiteTitle "GM"]
[BlackTitle "IM"]
[WhiteElo "2454"]
[BlackElo "2400"]
[WhiteFideId "14110911"]
[BlackFideId "24174041"]
[EventDate "2022.12.29"]

1. d4 Nf6 2. Nf3 g6 3. Nbd2 d5 4. b4 Bg7 5. e3 O-O 6. c4 a5 7. b5 c5 8. dxc5
dxc4 9. Bb2 Nbd7 10. c6 bxc6 11. bxc6 Nc5 12. Nxc4 Qc7 13. Nd4 Rd8 14. Qc2 Ba6
15. Be2 e5 16. Nb3 Nfe4 17. Nxc5 Nxc5 18. O-O Bxc4 19. Qxc4 Ne6 20. Rfd1 Rac8
21. Rac1 Rxd1+ 22. Bxd1 h5 23. h3 Bf6 24. Bf3 Kg7 25. Rd1 Qb6 26. Ba3 Qc7 27.
Qb5 h4 28. Rd7 Qb8 29. Qxb8 Rxb8 30. Bd5 Nf8 31. Rxf7+ Kh6 32. Rxf6 Nh7 1-0

[Event "World Blitz Women 2022"]
[Site "Almaty KAZ"]
[Date "2022.12.30"]
[Round "15.18"]
[White "Zatonskih, Anna"]
[Black "Voit, Daria"]
[Result "1-0"]
[WhiteTitle "IM"]
[BlackTitle "WGM"]
[WhiteElo "2349"]
[BlackElo "2347"]
[WhiteFideId "14101572"]
[BlackFideId "4182146"]
[EventDate "2022.12.29"]

1. d4 Nf6 2. c4 e6 3. Nc3 Bb4 4. e3 d5 5. Nf3 O-O 6. Bd2 b6 7. Rc1 Bb7 8. cxd5
exd5 9. Bd3 Re8 10. O-O a6 11. Ne5 Bd6 12. f4 c5 13. Qf3 Nc6 14. Ne2 cxd4 15.
Nxc6 Bxc6 16. Rxc6 dxe3 17. Bxe3 Qe7 18. Bxb6 Qd7 19. Rc2 Rab8 20. Bd4 Ne4 21.
Bxe4 Rxe4 22. g3 Rbe8 23. Be5 Qa7+ 24. Qf2 Qb8 25. Nc3 Rc4 26. Nxd5 Bc5 27. Bxb8
Rxc2 28. Be5 Rxf2 29. Rxf2 Rd8 30. Nc3 Bxf2+ 31. Kxf2 Rd2+ 32. Ne2 f6 33. Bc3
Rd1 34. h4 Kf7 35. Ke3 Ke6 36. Nd4+ Kd5 37. Nf5 g6 38. Nd4 Rg1 39. Ne2 Rd1 40.
Bxf6 Kc4 41. Bc3 h5 42. a3 Kd5 43. Nd4 Rg1 44. Kf2 Rd1 45. Nf3 Ke4 46. Nd2+ Kd3
47. Kf3 Rg1 48. Ne4 Rf1+ 49. Nf2+ Kc2 50. Be5 a5 51. Kg2 Rb1 52. g4 hxg4 53.
Nxg4 a4 54. Bc3 Rxb2 55. Bxb2 Kxb2 56. f5 gxf5 57. h5 fxg4 58. h6 Kxa3 59. h7 1-0

[Event "World Blitz Women 2022"]
[Site "Almaty KAZ"]
[Date "2022.12.30"]
[Round "15.19"]
[White "Injac, Teodora"]
[Black "Gong, Qianyun"]
[Result "1-0"]
[WhiteTitle "WGM"]
[BlackTitle "WGM"]
[WhiteElo "2365"]
[BlackElo "2299"]
[WhiteFideId "932400"]
[BlackFideId "8602425"]
[EventDate "2022.12.29"]

1. Nf3 e6 2. d4 f5 3. c4 Nf6 4. Nc3 d5 5. Bf4 c6 6. e3 Bd6 7. Qc2 Bxf4 8. exf4
O-O 9. Be2 Nbd7 10. O-O Ne4 11. Rad1 Qe7 12. Ne1 Ndf6 13. f3 Nd6 14. c5 Nf7 15.
Nd3 g5 16. fxg5 Nxg5 17. Kh1 Kh8 18. Nf4 Bd7 19. Bd3 Rg8 20. Rde1 Qg7 21. Qf2
Qh6 22. Nce2 Rae8 23. Ng3 Nf7 24. Nge2 e5 25. dxe5 Nxe5 26. Qd4 Qg7 27. Ng3 Nxd3
28. Qxd3 Qg5 29. Qd4 Ref8 30. Re7 Rg7 31. Rfe1 Bc8 32. b4 Rfg8 33. Rxg7 Rxg7 34.
Nfh5 Bd7 35. Nxf6 f4 36. Nfh5 1-0

[Event "World Blitz Women 2022"]
[Site "Almaty KAZ"]
[Date "2022.12.30"]
[Round "15.20"]
[White "Balabayeva, Xeniya"]
[Black "Nomin-Erdene, Davaademberel"]
[Result "0-1"]
[WhiteTitle "WIM"]
[BlackTitle "IM"]
[WhiteElo "2183"]
[BlackElo "2384"]
[WhiteFideId "13719688"]
[BlackFideId "4900782"]
[EventDate "2022.12.29"]

1. e4 c6 2. d4 d5 3. Nd2 dxe4 4. Nxe4 Bf5 5. Ng3 Bg6 6. h4 h6 7. Nf3 Nd7 8. h5
Bh7 9. Bd3 Bxd3 10. Qxd3 e6 11. Bd2 Ngf6 12. O-O-O Be7 13. Kb1 Qb6 14. c4 O-O
15. Bc3 Rad8 16. Ne4 c5 17. d5 Nxe4 18. Qxe4 Bf6 19. dxe6 Bxc3 20. Qc2 Bxb2 21.
exf7+ Rxf7 22. Qxb2 Qc7 23. Rd3 Nb6 24. Rxd8+ Qxd8 25. Qc2 Rf4 26. Rd1 Qe7 27.
Re1 Qd8 28. Ne5 Rd4 29. Ng6 Rxc4 30. Qb3 Kh7 31. Ka1 Qd4+ 32. Qb2 Qd8 33. Kb1
Rb4 34. Qxb4 cxb4 35. Kc2 Qc8+ 36. Kb1 Nd5 37. Rc1 Nc3+ 38. Kb2 a5 39. Re1 Qd8
40. Re3 a4 41. Kc2 Nd5 42. Rf3 Nf6 43. g4 Qc7+ 44. Kd1 Qd6+ 45. Kc1 Qc6+ 0-1

[Event "World Blitz Women 2022"]
[Site "Almaty KAZ"]
[Date "2022.12.30"]
[Round "15.21"]
[White "Kamalidenova, Meruert"]
[Black "Munkhzul, Turmunkh"]
[Result "1-0"]
[WhiteTitle "WIM"]
[BlackTitle "WIM"]
[WhiteElo "2377"]
[BlackElo "2318"]
[WhiteFideId "13712802"]
[BlackFideId "4901878"]
[EventDate "2022.12.29"]

1. e4 c5 2. Nf3 d6 3. Bb5+ Bd7 4. Bxd7+ Qxd7 5. c4 Nf6 6. Nc3 g6 7. d4 cxd4 8.
Nxd4 Bg7 9. f3 O-O 10. Be3 Nc6 11. O-O a6 12. b3 Rac8 13. Qd3 Ne5 14. Qd2 Rfd8
15. Rac1 Nc6 16. Qd3 e6 17. Rfd1 Qe7 18. Qe2 Nd7 19. h3 h5 20. Bf2 Bh6 21. Rc2
Nde5 22. g3 Qf6 23. Kg2 Bg7 24. f4 Nd7 25. Nxc6 Rxc6 26. Nb1 e5 27. fxe5 Nxe5
28. Nc3 Qe6 29. Nd5 Rcc8 30. Be3 Re8 31. Bd4 Nc6 32. Bxg7 Kxg7 33. Nc3 Qe5 34.
Qf2 Nb4 35. Rcc1 Re6 36. a3 Rf6 37. Qe3 Nc6 38. Rc2 Re8 39. Rd5 Qe6 1-0

[Event "World Blitz Women 2022"]
[Site "Almaty KAZ"]
[Date "2022.12.30"]
[Round "15.22"]
[White "Osmak, Yuliia"]
[Black "Enkhtuul, Altan-Ulzii"]
[Result "1-0"]
[WhiteTitle "IM"]
[BlackTitle "WGM"]
[WhiteElo "2451"]
[BlackElo "2285"]
[WhiteFideId "14101602"]
[BlackFideId "4901444"]
[EventDate "2022.12.29"]

1. b4 e5 2. Bb2 Bxb4 3. Bxe5 Nf6 4. e3 O-O 5. Nf3 d5 6. Be2 Nc6 7. Bb2 Bg4 8.
O-O Bd6 9. d3 Re8 10. Nbd2 h6 11. h3 Bh5 12. c4 Bxf3 13. Bxf3 Nb4 14. cxd5 Nxd3
15. Bxf6 Qxf6 16. Nc4 Nb2 17. Nxb2 Qxb2 18. Qb3 Qe5 19. g3 b6 20. Bg2 a5 21. a4
Rad8 22. Rad1 Qg5 23. e4 Bc5 24. Kh2 Qg6 25. f4 Kh8 26. e5 Qh5 27. Bf3 Qg6 28.
Qc4 h5 29. Be4 Qh6 30. h4 Kg8 31. Bg2 Qg6 32. Qe4 Qxe4 33. Bxe4 g6 34. Kg2 Kg7
35. Kf3 Re7 36. Rc1 Rde8 37. Kg2 Rd8 38. Rce1 Rde8 39. Bd3 Rd7 40. Bb5 Rdd8 41.
Bxe8 Rxe8 42. Rd1 Rd8 43. Rfe1 Kf8 44. Kf3 Ke7 45. Ke4 Rg8 46. Rc1 Kd7 47. Rc2
Re8 48. Rec1 Rb8 49. f5 gxf5+ 50. Kxf5 Rg8 51. Kf6 Rxg3 52. Kxf7 Rf3+ 53. Kg6
Re3 54. Kf5 Rf3+ 55. Ke4 Rg3 56. Rf1 Ke7 57. Rf3 Rg4+ 58. Rf4 Rg3 59. Kf5 Rg8
60. Re2 Rg3 61. Ke4 Ra3 62. Rg2 Rxa4+ 63. Kf5 Rxf4+ 64. Kxf4 a4 65. Rg7+ Kd8 66.
Rg8+ Ke7 67. Ra8 a3 68. Ra7 Kd7 69. Ke4 b5 70. Ra5 b4 71. Kd3 Bf2 72. Kc4 Be1
73. Kb3 Bxh4 74. Ra8 Be1 75. Rh8 h4 76. Rh7+ Kd8 77. e6 Ke8 78. Rxc7 Bg3 79. Rh7
Kd8 80. Kxb4 a2 81. Ra7 h3 82. Rxa2 h2 83. Ra8+ Ke7 84. Rh8 Kd6 85. Kc4 Be5 86.
Rh5 Bg3 87. Kd4 Bf2+ 88. Ke4 Bg3 89. Rh7 Be5 90. e7 Kd7 91. Kxe5 1-0

[Event "World Blitz Women 2022"]
[Site "Almaty KAZ"]
[Date "2022.12.30"]
[Round "15.23"]
[White "Nakhbayeva, Guliskhan"]
[Black "Bivol, Alina"]
[Result "0-1"]
[WhiteTitle "IM"]
[BlackTitle "IM"]
[WhiteElo "2326"]
[BlackElo "2364"]
[WhiteFideId "13704788"]
[BlackFideId "4100123"]
[EventDate "2022.12.29"]

1. d4 d5 2. c4 e6 3. Nc3 Nf6 4. cxd5 exd5 5. Bg5 Be7 6. e3 c6 7. Bd3 Nbd7 8.
Nge2 Nh5 9. Bxe7 Qxe7 10. O-O g6 11. Qd2 Ndf6 12. f3 O-O 13. e4 dxe4 14. fxe4
Bg4 15. e5 Nd7 16. h3 Bxe2 17. Bxe2 Ng3 18. Rf3 Nxe2+ 19. Qxe2 f6 20. e6 Nb6 21.
Re1 Rad8 22. Qf2 Kg7 23. Ne4 Nd5 24. Nc5 Rfe8 25. Kh2 b6 26. Na6 Qd6+ 27. Kg1
Rxe6 28. Rxe6 Qxe6 29. a3 Re8 30. Kh2 Qe2 31. Qxe2 Rxe2 32. Nb8 Re6 33. Rf2 Ne3
34. Re2 Nf1+ 35. Kg1 Rxe2 36. Kxf1 Rxb2 37. Nxc6 a5 38. d5 Rd2 39. Ne7 Kf7 40.
Nc8 Rxd5 41. Nxb6 Rb5 42. Nc4 Ke6 43. Ke2 Kd5 44. Ne3+ Ke4 45. Nc4 Rc5 46. Nd6+
Kd5 47. Ne8 Ke6 48. Kd3 Ke7 49. Ng7 Kf7 50. Kd4 Rc2 0-1

[Event "World Blitz Women 2022"]
[Site "Almaty KAZ"]
[Date "2022.12.30"]
[Round "15.24"]
[White "Gaponenko, Inna"]
[Black "Hajiyeva, Laman"]
[Result "0-1"]
[WhiteTitle "IM"]
[BlackTitle "WFM"]
[WhiteElo "2341"]
[BlackElo "2135"]
[WhiteFideId "14101181"]
[BlackFideId "13415875"]
[EventDate "2022.12.29"]

1. e4 c6 2. d4 d5 3. exd5 cxd5 4. c4 Nf6 5. Nc3 g6 6. Qb3 Bg7 7. cxd5 O-O 8. Be2
Na6 9. Bf3 Qb6 10. Nge2 Qxb3 11. axb3 Nb4 12. O-O Rd8 13. Ra5 Bg4 14. Bxg4 Nxg4
15. Rb5 a5 16. Rxb7 Nxd5 17. Nxd5 Rxd5 18. Rxe7 Bxd4 19. Re4 Bxf2+ 20. Rxf2 Nxf2
21. Kxf2 Rb8 22. Re3 Rd1 23. Rc3 Rb4 24. Bh6 f5 25. g3 Kf7 26. Rc7+ Kf6 27. Bg7+
Ke6 28. Nf4+ Kd6 29. Rc3 Kd7 30. Rd3+ Rxd3 31. Nxd3 Rb5 32. Bc3 Ke6 33. Ke3 Kd5
34. Nf4+ Kd6 35. Nd3 Rxb3 36. Bxa5 Kd5 37. Bc3 Rb7 38. b4 Kc4 39. Bd2 Re7+ 40.
Kf3 Kxd3 41. Bf4 Re4 42. Bd6 Kc4 43. h4 h5 44. Bf8 Re8 45. Bc5 Re4 46. Bf8 Kd5
47. Bc5 Rc4 48. Be7 Ke5 49. Bf8 Rc3+ 50. Kf2 Ke4 51. Bd6 Rc2+ 52. Ke1 Ke3 53.
Bf4+ Kf3 54. Kd1 Rb2 55. Bd6 Ke3 56. Kc1 Ra2 57. b5 Ra5 58. b6 Rb5 59. Bc7 Kf3
60. Kd2 Kg4 61. Ke3 f4+ 62. gxf4 Kxh4 63. Kd4 Kg4 64. Kc4 Rb1 65. Kc5 h4 66. Kc6
Kf5 67. b7 Rxb7 68. Kxb7 h3 69. Bd8 h2 0-1

[Event "World Blitz Women 2022"]
[Site "Almaty KAZ"]
[Date "2022.12.30"]
[Round "15.25"]
[White "Balajayeva, Khanim"]
[Black "Petrova, Irina"]
[Result "1-0"]
[WhiteTitle "WGM"]
[BlackTitle "WIM"]
[WhiteElo "2379"]
[BlackElo "2123"]
[WhiteFideId "13406396"]
[BlackFideId "14124122"]
[EventDate "2022.12.29"]

1. e4 d6 2. d4 Nf6 3. Nc3 e5 4. Nf3 Nbd7 5. Bc4 Be7 6. a4 c6 7. O-O O-O 8. Re1
h6 9. h3 Re8 10. Ba2 Bf8 11. a5 exd4 12. Nxd4 Nc5 13. Qf3 d5 14. e5 Nh7 15. Qg3
Kh8 16. f4 Ne6 17. Nxe6 Bxe6 18. Qf2 Bf5 19. Be3 Bb4 20. a6 b6 21. Rad1 Qc8 22.
g4 Bxc3 23. bxc3 Be4 24. Qf1 f6 25. exf6 Nxf6 26. Bb3 Nxg4 27. hxg4 Qxg4+ 28.
Kh2 Bf5 29. Qg2 Qh4+ 30. Kg1 Re6 31. Bf2 Qxf4 32. Rxe6 Bxe6 33. Re1 Re8 34. Bd4
Qf7 35. Rf1 Qd7 36. Qg6 Kg8 37. Re1 Re7 38. Kh1 Bh3 39. Rxe7 Qxe7 40. Kh2 Bd7
41. Qg3 Qe2+ 42. Qg2 Qh5+ 43. Kg1 Qf7 44. Qg3 h5 45. c4 Be6 46. cxd5 Bxd5 47.
Bxd5 cxd5 48. c3 Kh7 49. Qf2 Qg6+ 50. Kh2 Qd6+ 51. Qg3 Qd7 52. Qg5 Qf7 53. Qg3
Qd7 54. Be5 Qe7 55. Qd3+ Kg8 56. Qxd5+ Kh7 57. Qe4+ Kg8 58. Qc4+ Kh8 59. Qc8+
Kh7 60. Qf5+ g6 61. Qf6 Qd7 62. Qh8# 1-0

[Event "World Blitz Women 2022"]
[Site "Almaty KAZ"]
[Date "2022.12.30"]
[Round "15.26"]
[White "Lhotska, Anna"]
[Black "Muminova, Nafisa"]
[Result "0-1"]
[WhiteTitle "WFM"]
[BlackTitle "WGM"]
[WhiteElo "2159"]
[BlackElo "2274"]
[WhiteFideId "376183"]
[BlackFideId "14201526"]
[EventDate "2022.12.29"]

1. e4 e6 2. b3 d5 3. Bb2 dxe4 4. Nc3 Nf6 5. Qe2 Nc6 6. O-O-O Nd4 7. Qe1 Be7 8.
Nxe4 Nxe4 9. Qxe4 Bf6 10. g4 h6 11. f4 Bd7 12. g5 Bc6 13. Qd3 hxg5 14. fxg5 Bxg5
15. Bxd4 Bxh1 16. Bxg7 Qxd3 17. Bxd3 Rxh2 18. Ne2 Bf3 19. Rg1 f6 20. Bxf6 Bxf6
21. Rg8+ Kf7 22. Rxa8 Rh1+ 0-1

[Event "World Blitz Women 2022"]
[Site "Almaty KAZ"]
[Date "2022.12.30"]
[Round "15.27"]
[White "Borisova, Ekaterina"]
[Black "Beydullayeva, Govhar"]
[Result "1-0"]
[WhiteTitle "FM"]
[BlackTitle "WGM"]
[WhiteElo "2223"]
[BlackElo "2387"]
[WhiteFideId "34124184"]
[BlackFideId "13413015"]
[EventDate "2022.12.29"]

1. d4 Nf6 2. c4 e6 3. g3 d5 4. Bg2 Bb4+ 5. Nd2 O-O 6. Nf3 dxc4 7. Qc2 a5 8. a3
Bd6 9. Nxc4 Nc6 10. O-O a4 11. e4 Be7 12. Rd1 b5 13. Nce5 Na5 14. Nc6 Nxc6 15.
Qxc6 Rb8 16. Ne5 Bb7 17. Qc2 Qd6 18. Bf4 Nh5 19. Be3 c5 20. Qxc5 Qd8 21. Qc2 Rc8
22. Qd3 f5 23. exf5 Bxg2 24. Kxg2 Qd5+ 25. Kg1 exf5 26. f4 Nf6 27. Rac1 Ne4 28.
Rc2 Qb3 29. Qxb3+ axb3 30. Rxc8 Rxc8 31. d5 Rc2 32. Bd4 Bd6 33. Nd3 Nd2 34. Ne1
Nc4 35. Nxc2 bxc2 36. Rc1 b4 37. Rxc2 1-0

[Event "World Blitz Women 2022"]
[Site "Almaty KAZ"]
[Date "2022.12.30"]
[Round "15.28"]
[White "Nurmanova, Alua"]
[Black "Tokhirjonova, Gulrukhbegim"]
[Result "0-1"]
[WhiteTitle "WIM"]
[BlackTitle "WGM"]
[WhiteElo "2191"]
[BlackElo "2328"]
[WhiteFideId "13729390"]
[BlackFideId "14203626"]
[EventDate "2022.12.29"]

1. e4 e5 2. Nf3 Nc6 3. Bb5 a6 4. Ba4 Nf6 5. O-O Nxe4 6. d4 b5 7. Bb3 d5 8. dxe5
Be6 9. Be3 Be7 10. c3 O-O 11. Nbd2 Bg4 12. Nxe4 dxe4 13. Qd5 exf3 14. Qxc6 fxg2
15. Qxg2 Qc8 16. Rfe1 Qf5 17. Bd5 Rad8 18. Be4 Qh5 19. Kh1 f5 20. exf6 Bxf6 21.
Rg1 Bh3 22. Qg3 Rde8 23. Bc6 Be5 24. f4 Bf6 25. Bxe8 Rxe8 26. Rad1 Bf5 27. Rgf1
Bh4 28. Qg2 Be4 29. Qxe4 Rxe4 30. Rde1 Bxe1 0-1

[Event "World Blitz Women 2022"]
[Site "Almaty KAZ"]
[Date "2022.12.30"]
[Round "15.29"]
[White "Garifullina, Leya"]
[Black "Nurgali, Nazerke"]
[Result "1-0"]
[WhiteTitle "IM"]
[BlackTitle "WIM"]
[WhiteElo "2357"]
[BlackElo "2168"]
[WhiteFideId "34127035"]
[BlackFideId "13711261"]
[EventDate "2022.12.29"]

1. e4 c6 2. d4 d5 3. e5 Bf5 4. Nf3 e6 5. Be2 Nd7 6. O-O h6 7. Nbd2 a6 8. a3 c5
9. c4 Ne7 10. dxc5 Nc6 11. cxd5 exd5 12. b4 Ncxe5 13. Bb2 Qc7 14. Re1 Nxf3+ 15.
Bxf3+ Be7 16. Bxg7 Rg8 17. Bd4 Be6 18. Nf1 O-O-O 19. Ng3 Qf4 20. Rc1 Bg5 21. c6
bxc6 22. Rxc6+ Kb7 23. Be3 Qb8 24. Rc1 Bxe3 25. Rxe3 Nb6 26. Rec3 Rc8 27. a4
Rxc3 28. Rxc3 Rc8 29. Rxc8 Qxc8 30. a5 1-0